000
00316nam a2200121Ia 4500
008
210428s9999 xx 000 0 und d
082
_a
621.38152 P574 P
100
_a
Zouheir Sekkat
_9
52135
245
0
_a
Photoreactive Organic Thin films
260
_b
Academic Press
_a
Boston
_c
2002
300
_a
560p.
942
_c
BK
999
_c
559897
_d
559897